00262pam a2200109 a 4500020000500000041000500005082001800010100002100028245004600049260004000095300001700135 c h a338.4092bBRA aRichard Branson. aLosing my Virginity hTextual Documents a[s.l]:bVirgin Book London,c2009. a584:bpaper.